| Tag |
First Indicator |
Second Indicator |
Subfields |
| LEADER |
00000cam a22000004a 4500 |
| 001 |
in00004601331 |
| 006 |
m o d |
| 007 |
cr cnu---unuuu |
| 008 |
051025s2003 maua ob 001 0 eng d |
| 005 |
20221121162445.9 |
| 035 |
|
|
|a (MaCbMITP)4014
|
| 040 |
|
|
|a OCoLC-P
|b eng
|e pn
|c OCoLC-P
|
| 020 |
|
|
|a 9780262276054
|q (electronic bk.)
|
| 020 |
|
|
|a 0262276054
|q (electronic bk.)
|
| 020 |
|
|
|a 1423729943
|q (electronic bk.)
|
| 020 |
|
|
|a 9781423729945
|q (electronic bk.)
|
| 035 |
|
|
|a (OCoLC)62149168
|z (OCoLC)991948974
|
| 035 |
|
|
|a (OCoLC-P)62149168
|
| 050 |
|
4 |
|a PL558.9
|b .I76 2003eb
|
| 072 |
|
7 |
|a FOR
|x 014000
|2 bisacsh
|
| 082 |
0 |
4 |
|a 495.6/15
|2 22
|
| 100 |
1 |
|
|a Itō, Junko.
|
| 245 |
1 |
0 |
|a Japanese morphophonemics :
|b markedness and word structure /
|c Junko Ito and Armin Mester.
|
| 260 |
|
|
|a Cambridge, Mass. ;
|a London :
|b MIT Press,
|c ©2003.
|
| 300 |
|
|
|a 1 online resource (xii, 303 pages) :
|b illustrations.
|
| 336 |
|
|
|a text
|b txt
|2 rdacontent
|
| 337 |
|
|
|a computer
|b c
|2 rdamedia
|
| 338 |
|
|
|a online resource
|b cr
|2 rdacarrier
|
| 490 |
1 |
|
|a Linguistic inquiry monograph ;
|v 41
|
| 520 |
|
|
|a The sound pattern of Japanese, with its characteristic pitch accent system and rich segmental alternations, has played an important role in modern phonology, from structuralist phonemics to current constraint-based theories. In Japanese Morphophonemics, Junko Ito and Armin Mester provide the first book-length treatment of central issues in Japanese phonology from the perspective of Optimality Theory.In Optimality Theory (OT), a generative grammar (including its phonological component) is built directly on the often conflicting demands of different grammatical principles and incorporates a specific kind of optimization as the means of resolving these conflicts. OT offers a new perspective from which to view many of the processes, alternations, and generalizations that are the traditional subject matter of phonology. Using the phonology of compounds as an analytical thread, Ito and Mester revisit central aspects of the sound pattern of Japanese and submit them to the rigor of OT. In pursuing both well-known and less-explored issues in this area, they show that an optimality-theoretic approach not only provides new solutions to old puzzles but also suggests interesting new questions for both descriptive work and theoretical research.
|
| 588 |
|
|
|a OCLC-licensed vendor bibliographic record.
|
| 650 |
|
0 |
|a Japanese language
|x Morphophonemics.
|
| 650 |
|
0 |
|a Japanese language
|x Phonology.
|
| 653 |
|
|
|a LINGUISTICS & LANGUAGE/General
|
| 655 |
|
7 |
|a Electronic books.
|2 local
|
| 700 |
1 |
|
|a Mester, Armin.
|
| 856 |
4 |
0 |
|u http://proxy.library.tamu.edu/login?url=https://doi.org/10.7551/mitpress/4014.001.0001?locatt=mode:legacy
|z Connect to the full text of this electronic book
|t 0
|
| 955 |
|
|
|a MIT D2O ebooks
|
| 999 |
f |
f |
|s 3f275f23-41dc-4744-8661-85b7fc8b016b
|i e92714e5-51ae-4562-b07b-93ce9c6f5b12
|t 0
|
| 952 |
f |
f |
|a Texas A&M University
|b College Station
|c Electronic Resources
|d Available Online
|t 0
|e PL558.9 .I76 2003eb
|h Library of Congress classification
|
| 998 |
f |
f |
|a PL558.9 .I76 2003eb
|t 0
|l Available Online
|